La revolución del año mil

Salvato in:
Dettagli Bibliografici
Autore principale: Bois, Guy
Natura: Libro
Lingua:spagnolo
Pubblicazione: Barcelona, España Grijalbo Mondadori 1991
Soggetti:
Tags: Aggiungi Tag
Nessun Tag, puoi essere il primo ad aggiungerne!!

MARC

LEADER 00000nam a2200000 a 4500
001 UCP5184
003 CL-VaPUC
005 20211214074205.0
008 990903e19910000SP |||||||||||||||||spa|d
999 |c 282976  |d 282974 
040 |c Pontificia Universidad Católica de Valparaíso 
082 0 4 |a 940.146 BOI 1991  |2 21 
100 0 |a Bois, Guy  |9 433352 
245 1 3 |a La revolución del año mil 
260 0 3 |a Barcelona, España  |b Grijalbo Mondadori  |c 1991 
300 |a 206 páginas 
583 |a last modification  |c 19990903 00:00:00  |k Rodrigo Vera 
650 0 |a Edad media  |9 258041 
650 0 |a Feudalismo  |9 313469 
650 0 |a Esclavitud  |9 323605 
650 0 |a Agricultura  |9 255598 
650 0 |a Política  |9 255312 
942 |c BK  |2 ddc 
945 |d 19990903 00:00:00  |a rbrito 
952 |0 0  |1 0  |2 ddc  |4 0  |6 940_146000000000000_BOI_1991  |7 0  |8 A  |9 325707  |a BIBHIS  |b BIBHIS  |d 2019-11-20  |i 3553558  |o 940.146 BOI 1991  |p 3553558  |r 2025-01-20  |t 1  |w 2019-11-20  |y BK  |k HIS